La legalización de las drogas
Kaydedildi:
| Yazar: | |
|---|---|
| Materyal Türü: | Kitap |
| Dil: | İspanyolca |
| Baskı/Yayın Bilgisi: |
Buenos Aires
Depalma
1991
|
| Edisyon: | 1a. ed |
| Seri Bilgileri: | Abriendo Surcos
|
| Konular: | |
| Etiketler: |
Etiketle
Etiket eklenmemiş, İlk siz ekleyin!
|
MARC
| LEADER | 00000cam a2200000 a 4500 | ||
|---|---|---|---|
| 001 | UCC4763 | ||
| 003 | CL-VaPUC | ||
| 008 | 180824e19910000ag |||||||||||||||||spa|d | ||
| 020 | |a 9501406180 | ||
| 082 | 0 | 4 | |a 363.45 |b NEU |2 21 |
| 100 | |a Neuman, Elías |e autor |9 294785 | ||
| 245 | 1 | 3 | |a La legalización de las drogas |
| 250 | |a 1a. ed | ||
| 300 | |a 171 p | ||
| 942 | |c BK | ||
| 945 | |d 20180824 13:39:00 |a dcastane | ||
| 260 | |a Buenos Aires |b Depalma |c 1991 | ||
| 650 | 7 | |a CONTROL DE DROGAS |2 CL-VaPUC |9 598954 | |
| 650 | 0 | |a Legislación y derecho |9 389885 | |
| 583 | |a last modification |c 20180824 13:39:00 |k Rodrigo Vera | ||
| 490 | 0 | |a Abriendo Surcos | |
| 999 | |c 372172 |d 372170 | ||
| 952 | |0 0 |1 0 |3 erb |4 0 |6 363_450000000000000_NEU_1991 |7 0 |8 A |9 489454 |a BIBDER |b BIBDER |e Mateluna Arestizabal, Alfredo Sergio |i 5489695 |o 363.45 NEU 1991 |p 5489695 |r 2023-01-25 |w 2019-11-24 |y BK |z Catalogado en:20180824 |k DER | ||